000 00681nam a2200229Ia 4500
003 OSt
005 20220918205512.0
006 a|||||r|||| 00| 0
007 ta
008 220917b |||||||| |||| 00| 0 eng d
024 _a116,830
037 _cTextual
040 _aARTS
_cARTS
_beng
041 _2eng
_aeng
082 _aV63:110bY7:(Z).N5, K3 (906)
100 _aHorrell Muriel
_9115313
245 0 _aLegislation and race relations
_b a summary of the main South African laws which affect race relationship
260 _c1963
650 _aHISTORY
942 _hV63:110bY7:(Z).N5, K3 (906)
_cTEXL
_2CC
999 _c240150
_d240150